000 00664nam a2200193Ia 4500
003 GCL
005 20240530103050.0
008 140319s9999 xx 000 0 ara d
040 _aGCL /
_cGCL
082 0 4 _a301.4154
_bق/ا ت
100 1 _aانطوان زكرى
245 1 0 _aتحريم البغاء عند قدماء المصريين وحض الحكومة على الغائه /
_cانطوان زكرى
260 _aالقاهرة :
_bمطبعة السعادة ،
_c1932
300 _a56 ص؛
_c24 سم
650 0 4 _aالحضارة المصرية
650 0 4 _aالبغاء
653 _aالبغاء عند قدماء المصريين
942 _2ddc
_cBK
999 _c36554
_d36554